EXO Songs - Statistics

General Stats
  • This quiz has been taken 1,958 times
    1,415 since last reset
  • The average score is 49 of 110
Answer Stats
Album / EP Year Song % Correct
The War 2017 Ko Ko Bop
88%
XOXO 2013 Growl
86%
EX'ACT 2016 Monster
86%
Mama 2012 Mama
85%
Exodus 2015 Call Me Baby
82%
Don't Mess Up My Tempo 2018 Tempo
82%
Love Shot 2018 Love Shot
79%
Universe 2017 Universe
79%
The War 2017 The Eve
78%
XOXO 2013 Wolf
78%
XOXO 2013 Kisses & Hugs
75%
Love Me Right 2015 Love Me Right
75%
XOXO 2013 Lucky
74%
Overdose 2014 Overdose
72%
Obsession 2019 Obsession
70%
The Power of Music 2017 Power
70%
LOTTO 2016 LOTTO
69%
Exodus 2015 Exodus
67%
Mama 2012 History
67%
EX'ACT 2016 Lucky One
66%
XOXO 2013 Baby
63%
Miracles in December 2013 Miracles in December
62%
Don't Fight the Feeling 2021 Don't Fight the Feeling
61%
XOXO 2013 Peter Pan
58%
Miracles in December 2013 The First Snow
56%
EX'ACT 2016 Artificial Love
55%
Exodus 2015 El Dorado
55%
Sing For You 2015 Sing For You
54%
Exodus 2015 Playboy
53%
XOXO 2013 Don't Go
51%
Sing For You 2015 Lightsaber
51%
Don't Mess Up My Tempo 2018 Ooh La La
51%
Overdose 2014 Run
51%
XOXO 2013 3.6.5
50%
XOXO 2013 Baby Don't Cry
50%
For Life 2016 Twenty Four
50%
Mama 2012 What Is Love
50%
The War 2017 Diamond
49%
The War 2017 Forever
48%
Don't Mess Up My Tempo 2018 Gravity
48%
XOXO 2013 Black Pearl
47%
Mama 2012 Angel
46%
Sing For You 2015 Unfair
45%
Universe 2017 Been Through
44%
For Life 2016 For Life
44%
EX'ACT 2016 Heaven
44%
The Power of Music 2017 Sweet Lies
44%
Exodus 2015 Transformer
44%
Obsession 2019 Jekyll
43%
Overdose 2014 Thunder
43%
Don't Mess Up My Tempo 2018 24 - 7
42%
Don't Mess Up My Tempo 2018 Oasis
42%
Love Me Right 2015 Promise
42%
The War 2017 Going Crazy
41%
XOXO 2013 Heart Attack
40%
Exodus 2015 Lady Luck
40%
XOXO 2013 My Lady
40%
The War 2017 Touch It
40%
The Power of Music 2017 Boomerang
39%
EX'ACT 2016 Cloud 9
39%
Mama 2012 Machine
39%
Don't Fight the Feeling 2021 Paradise
39%
EX'ACT 2016 White Noise
39%
Don't Mess Up My Tempo 2018 Sign
38%
The War 2017 Chill
37%
Universe 2017 Fall
37%
Overdose 2014 Moonlight
37%
Don't Mess Up My Tempo 2018 Damage
36%
Exodus 2015 Hurt
36%
Mama 2012 Two Moons
36%
The War 2017 Walk on Memories
36%
Miracles in December 2013 Christmas Day
35%
Overdose 2014 Love, Love, Love
35%
XOXO 2013 Let Out The Beast
34%
Love Me Right 2015 Tender Love
34%
Love Shot 2018 Trauma
34%
Miracles in December 2013 The Star
33%
The War 2017 What U do?
33%
Obsession 2019 Ya Ya Ya
33%
Obsession 2019 Butterfly Effect
32%
Don't Fight the Feeling 2021 Runaway
32%
Love Shot 2018 Wait
32%
Exodus 2015 What If..
32%
Exodus 2015 Beautiful
31%
Obsession 2019 Groove
31%
Miracles in December 2013 My Turn To Cry
29%
Don't Mess Up My Tempo 2018 Smile On My Face
29%
Sing For You 2015 Girl x Friend
28%
Exodus 2015 My Answer
28%
LOTTO 2016 She's Dreaming
28%
Universe 2017 Stay
28%
Obsession 2019 Trouble
28%
Don't Fight the Feeling 2021 Just as Usual
27%
Universe 2017 Lights Out
27%
EX'ACT 2016 Stronger
27%
Don't Mess Up My Tempo 2018 Bad Dream
26%
(Single) 2016 Dancing King
25%
EX'ACT 2016 One and Only
25%
EX'ACT 2016 They Never Know
25%
Obsession 2019 Baby You Are
24%
Universe 2017 Good Night
23%
LOTTO 2016 Can't Bring Me Down
22%
Don't Fight the Feeling 2021 No Matter
22%
Obsession 2019 Non Stop
20%
Don't Mess Up My Tempo 2018 With You
20%
Obsession 2019 Day After Day
19%
Sing For You 2015 On the Snow
19%
For Life 2016 Winter Heat
18%
For Life 2016 Falling For You
16%
For Life 2016 What I Want for Christmas
16%
No matching quizzes found
Score Distribution
Percent of People with Each Score
Percentile by Number Answered
Your Score History
You have not taken this quiz since the last reset